Word Ladder: Gooey Goodness Quiz Stats

 Plays Quiz Updated Aug 8, 2015

Challenge
Share
Tweet
Embed
Score 0/9 Timer 01:00
3 Plays Today
Hint 4-Letter Word % Correct
*Baby bottle contents*MILK
98.1%
ImpoliteRUDE
94.4%
Was on a horseRODE
91%
Liver secretionBILE
89.9%
A guy on a ranch?DUDE
89.8%
To obtain by fraudBILK
85.3%
*Unexplodable bombs*DUDS
82.8%
Miller the US Olympic SkierBODE
78%
Wait a whileBIDE
77.3%

Today's Daily Dose

You're not logged in!

Compare scores with friends on all Sporcle quizzes.
Join for Free
OR
Log In

You Might Also Like...

Show Comments

Extras

Top Quizzes Today


Score Distribution

Your Account Isn't Verified!

In order to create a playlist on Sporcle, you need to verify the email address you used during registration. Go to your Sporcle Settings to finish the process.

Report this User

Report this user for behavior that violates our Community Guidelines.

Details: